|
|
|
|
| LEADER |
00000nab a2200000 a 4500 |
| 001 |
vtls009302445 |
| 003 |
SK-MaSNL |
| 005 |
20260304154348.0 |
| 008 |
250507c2008 xo mr|p|||| |000 b|slo |
| 015 |
|
|
|a SNBRB2008/06
|
| 035 |
|
|
|a (uuid)2c039d56-0aa7-438d-a223-5d4bbc8d46b3
|
| 035 |
|
|
|a urn:nbn:sk:snk-abc3y9
|
| 035 |
|
|
|a (urnnbn)urn:nbn:sk:snk:ar-001jmv
|
| 038 |
|
|
|a SPK
|
| 040 |
|
|
|a SNKBUCL
|b slo
|c SNKBUCL
|e AACR2
|
| 041 |
0 |
|
|a slo
|
| 044 |
|
|
|a xo
|c SK
|
| 072 |
|
7 |
|a 37
|x Výchova a vzdelávanie
|2 konspekt
|
| 072 |
|
7 |
|a 316.3
|x Globálne spoločnosti. Sociálna štruktúra. Sociálne skupiny
|2 konspekt
|
| 080 |
|
|
|a 37.011.32
|2 1997
|
| 080 |
|
|
|a 316.34
|2 1997
|
| 100 |
1 |
|
|a Alberty, Ladislav,
|d 1949-
|4 aut
|9 217247
|
| 245 |
1 |
0 |
|a Psychologický vplyv chudoby a bohatstva na vzťahy v žiackom kolektíve
|c Ladislav Alberty
|
| 650 |
0 |
7 |
|a žiaci
|2 snkbucl
|9 16621
|
| 650 |
0 |
7 |
|a sociálna diferenciácia
|2 snkbucl
|9 836329
|
| 650 |
0 |
7 |
|a sociálne ohrozené skupiny
|2 snkbucl
|9 83816
|
| 650 |
0 |
7 |
|a chudoba
|2 snkbucl
|9 14502
|
| 650 |
0 |
7 |
|a bohatstvo
|2 snkbucl
|9 67751
|
| 773 |
0 |
|
|t Rodina a škola
|g Roč. 56, č. 5 (2008), s. 6-7
|x 0231-6463
|
| 850 |
|
|
|a Slovenská národná knižnica
|
| 852 |
|
|
|a Slovenská národná knižnica
|
| 954 |
|
|
|a odborná, vedecká literatúra pôvodná (slovenská)
|2 lita
|
| 958 |
|
|
|a article15
|
| 958 |
|
|
|a OND
|
| 958 |
|
|
|a EUIPO
|
| 999 |
|
|
|c 2957288
|d 2959218
|